College rules! : how to study, survive, and succeed in college /

An updated and expanded edition of a college survival primer by two college professors shares essential advice and strategies on topics ranging from stress management and test preparation to staying motivated and balancing academics with a social life.

Bibliographic Details
Main Author: Nist-Olejnik, Sherrie, 1946-
Other Authors: Holschuh, Jodi
Format: Book
Language:English
Published: Berkeley : Ten Speed Press, [2011]
Edition:3rd ed.
Subjects:

MARC

Tag First Indicator Second Indicator Subfields
LEADER 00000cam a2200000Ia 4500
001 in00002693721
005 20151202121821.0
008 101213s2011 cau 001 0 eng d
010 |a  2006101169 
020 |a 9781607740018 (pbk.) :  |c $14.99 
020 |a 160774001X (pbk.) :  |c $14.99 
035 |a (OCoLC)ocn692272963 
035 |a (OCoLC)692272963 
040 |a YDXCP  |c YDXCP  |d OCO  |d BTCTA  |d VP@  |d ORX  |d BWX  |d UtOrBLW 
043 |a n-us--- 
049 |a TXAM 
050 1 4 |a LB2343.32  |b .N57 2011 
082 0 4 |a 378.198/0973  |2 23 
100 1 |a Nist-Olejnik, Sherrie,  |d 1946- 
245 1 0 |a College rules! :  |b how to study, survive, and succeed in college /  |c Sherrie Nist-Olenjnik and Jodi Patrick Holschuh. 
250 |a 3rd ed. 
264 1 |a Berkeley :  |b Ten Speed Press,  |c [2011] 
264 4 |c ©2011 
300 |a x, 342 pages ;  |c 21 cm. 
336 |a text  |b txt  |2 rdacontent 
337 |a unmediated  |b n  |2 rdamedia 
338 |a volume  |b nc  |2 rdacarrier 
500 |a Includes index. 
520 |a An updated and expanded edition of a college survival primer by two college professors shares essential advice and strategies on topics ranging from stress management and test preparation to staying motivated and balancing academics with a social life. 
650 0 |a College student orientation  |z United States. 
650 0 |a Study skills  |z United States. 
650 0 |a College students  |z United States  |x Conduct of life. 
650 7 |a College students  |z United States.  |2 sears 
650 7 |a Study skills.  |2 sears 
650 7 |a College students  |x Conduct of life.  |2 sears 
700 1 |a Holschuh, Jodi. 
938 |a YBP Library Services  |b YANK  |n 3555146 
938 |a Blackwell Book Service  |b BBUS  |n 3555146 
947 |a A14840414929 
945 |a PromptCat  |b 362698 
946 |a stk 
994 |a 92  |b TXA 
948 |a Cataloged  |b h  |c 2011/5/26  |d c  |e EGrant 
999 |a MARS 
999 f f |s 6692c82b-af20-37ea-999a-720a08b52788  |i 65b5c3d9-6f00-34b7-a8f2-82824c307ff9  |t 0 
952 f f |p normal  |a Texas A&M University  |b College Station  |c Sterling C. Evans Library  |d Evans: Library Stacks  |t 0  |e LB2343.32 .N57 2011  |h Library of Congress classification  |i unmediated -- volume  |m A14840414929 
998 f f |a LB2343.32 .N57 2011  |t 0  |l Evans: Library Stacks